| 000 | 00690cam a22002531 4500 | ||
|---|---|---|---|
| 001 | ne 64000262 | ||
| 003 | DLC | ||
| 005 | 20260227111755.0 | ||
| 008 | 890508s1961 xx 000 0 ara | ||
| 010 | _ane 64000262 | ||
| 035 | _a(OCoLC)23491435 | ||
| 040 |
_aDLC _cMiU _dDLC |
||
| 042 | _apremarc | ||
| 050 | 0 | 0 |
_aB749 _b.F3 1961 |
| 100 | 0 |
_aAverroës, _d1126-1198. |
|
| 240 | 0 | 0 | _aFasl al-Maqāl. |
| 245 | 1 | 0 | _aKitāb faṣl al-maqāl wa-taqrīr mā bayna al-sharīʻah wa-al-ḥikmah min al-ittiṣāl. |
| 260 | _c[1961] | ||
| 300 |
_a67 p. _c22 cm. |
||
| 500 | _aRomanized. | ||
| 650 | 0 | _aPhilosophy | |
| 700 | 1 |
_aNādir, Albīr Naṣrī _eed. |
|
| 740 | 0 | _aFaṣl al-maqāl. | |
| 999 |
_c46655 _d46655 |
||